| 000 | 00732nam a22002297a 4500 | ||
|---|---|---|---|
| 003 | OSt | ||
| 005 | 20251201151413.0 | ||
| 008 | 251201s2003 ag ||||| |||| 00| 0 spa d | ||
| 020 | _a84-89780-56-0 | ||
| 040 |
_cAR-RoUNCS _aAR-RoUNCS |
||
| 080 | _075Miguel Ángel | ||
| 245 | 0 | 0 |
_aVan Gogh / _cpresentación de Delfín Rodríguez. |
| 250 | _a1a ed. | ||
| 260 |
_aMilano : _bGen40, _c2003. |
||
| 300 |
_a189 p. : _bil. col. ; _c21 cm. |
||
| 490 | 0 |
_aLos Grandes Genios de la Pintura ; _v3 |
|
| 600 | 1 | 4 |
_aGogh, Vincent van _d1853-1890 _qGogh, Vincent-Willem van, _xCítica e interpretación |
| 650 | 7 |
_2embne _aPintores _ySiglos XIX |
|
| 655 | 7 |
_2embne _aCatálogo de exposiciones |
|
| 700 | 1 | _aRodríguez, Delfín. | |
| 942 |
_2udc _cOG _n0 |
||
| 999 |
_c813 _d813 |
||